LEADER 01016nam a2200253 u 4500 001 000000065835 003 CaOOAMICUS 005 20070226121517.0 008 011215s1951 fr u000 u fre u 035 $a10914301 040 $aIAR$bita$dPUL(R) 100 1 $aRenou, Louis,$d1896-1966.$0(OLS)http://pul/name/44234 245 12$aL'Hindouisme :$bLes textes - les doctrines - l'histoire /$cLouis Renou. 260 $aParis :$bPUF,$c1951. 300 $a128 S. ;$c18 cm 490 1 $aQue sais-je? ;$v475. 504 $a"Bibliographie sommaire" S. 125-126. 650 4$aInduismo.$0(OLS)http://pul/subject/21774 830 0$aQue sais-je? ;$v475.$0(OLS)http://pul/title/1057 850 $aPUL 852 $aPUL$W1$xDP1 Fondo Cecchetti$y53$m268 C 46$j85167$nBK-PRI$b $qFondi$B85167$CPULBib$Z2$F85167 $HPUL2557 $81 941 1 $a1 996 $6245$aL'Hindouisme :$bLes textes - les doctrines - l'histoire$9(OLS)http://pul/title/87508 996 $6260$aParis :$bPUF$9(OLS)http://pul/publisher/53060 LEADER 01898nam a2200397 a 4500 001 000000130153 003 CaOOAMICUS 005 20120914113951.0 008 120914s2012 it u000 u ita r 020 $a978-88-343-2182-9 040 $aPUL$bita 041 1 $aita$agrc$hgrc 100 1 $aFilippi, Francesca.$0(OLS)http://pul/name/44369 245 12$aL'immaginario e il simbolico nell'uomo :$bil Commentario di Proclo all'"Alcibiade primo" di Platone /$cFrancesca Filippi ; presentazione di Evanghélos Moutsopoulos. 260 $aMilano :$bVita e pensiero,$c©2012. 300 $a601 p. ;$c22 cm 490 1 $aTemi metafisici e problemi del pensiero antico. Studi e testi ;$v128 500 $aInclude indici. 504 $aBibliografia in nota. 546 $aTesto greco a fronte. 600 04$aPlato,$d427-347 a.C.$tAlcibiades I.$0(OLS)http://pul/subject/38938 700 0 $aProclus Atheniensis,$d410-c. 485.$0(OLS)http://pul/name/894 700 1 $aMoutsopoulos, Evanghélos A.$0(OLS)http://pul/name/53335 830 0$aTemi metafisici e problemi del pensiero antico.$pStudi e testi ;$v128.$0(OLS)http://pul/title/98294 850 $aPUL 852 $aPUL$W1$xSL Filosofia 2$y80$mPhil A10b 128$j150681$qStampati Altre Collocazioni$B149244$CPULBib$Z2$F149244 $H120633 $82 900 $aProclo,$d410-c. 485$9894 900 $aProclo di Atene,$d410-c. 485$9894 900 $aProclus Diadochus,$dc. 410-485$9894 900 $aProclo Licio Diadoco,$dc. 410-485$9894 900 $aProclus Lycius Diadochus,$d410-c. 485$9894 941 1 $a10 996 $6020$a978-88-343-2182-9$9(OLS)http://pul/number/150492 996 $6245$aL'immaginario e il simbolico nell'uomo :$bil Commentario di Proclo all'"Alcibiade primo" di Platone$9(OLS)http://pul/title/164503 996 $6260$aMilano :$bVita e pensiero$9(OLS)http://pul/publisher/48016